| 000 | 00450nam a2200193Ia 4500 | ||
|---|---|---|---|
| 003 | OSt | ||
| 005 | 20220913094937.0 | ||
| 008 | 210210b1935 xxu||||| |||| 00| 0 eng d | ||
| 040 | _cAL | ||
| 041 | _aeng | ||
| 082 | _a538/14 | ||
| 100 |
_aDas (M M) _957254 |
||
| 245 | _aExperimental electricity | ||
| 260 |
_aLondon _bUniversities Press _c1935 |
||
| 300 | _a334 | ||
| 690 |
_aMathematical Physics _957255 |
||
| 906 | _a008962 | ||
| 942 |
_2ddc _cBK |
||
| 999 |
_c126882 _d126882 |
||